El derecho penal de la cr̀cel Una mirada al contexto colombiano con base en el giro punitivo y la tendencia al mayor encarcelamiento /

Detalles Bibliográficos
Autor principal: Hernǹdez Jimňez, Norberto
Formato: eBook
Lenguaje:español
Publicado: Bogot:̀ Siglo del Hombre Editores, 2018
Materias:
Acceso en línea:Acceso restringido

MARC

LEADER 00000nam a22000007a 4500
005 20210503230645.0
007 cr|||| ||||
008 210503s2018 co |||||s|||| 00||0 spa d
020 |a 978-958-665-501-9 
035 |a 33238 
040 |a vLex 
090 |c 11599  |d 11599 
100 1 |a Hernǹdez Jimňez, Norberto 
245 1 2 |a El derecho penal de la cr̀cel  |h [Recurso electrn̤ico] :  |b Una mirada al contexto colombiano con base en el giro punitivo y la tendencia al mayor encarcelamiento /  |c Norberto Hernǹdez Jimňez 
256 |a Servicio en ln̕ea 
260 |a Bogot:̀  |b Siglo del Hombre Editores,  |c 2018 
300 |a 1 recurso electrn̤ico 
506 1 |a Disponible solo en los productos indicados  |d vLex Global  |d vLex Global (Academic Edition, excluding Law Schools)  |d vLex Global (U.S. Academic Edition, Law Schools)  |d vLex Global (U.S. Academic Edition, excluding Law Schools)  |d vLex Global (Academic Edition, Law Schools) 
650 0 4 |a Derecho Penal  |z Colombia 
650 0 4 |a Normativa Penitenciaria  |z Colombia 
650 0 4 |a Procedimiento Penal  |z Colombia 
740 0 |a vLex Libros (Servicio en ln̕ea) 
856 4 0 |u https://vlex.com/source/derecho-penal-de-la-carcel-una-mirada-al-contexto-colombiano-con-base-en-el-giro-punitivo-y-la-tendencia-al-mayor-encarcelamiento-33238  |z Acceso restringido 
942 |c BOOK 
999 0 |a Criminal Law 
999 0 |a Penitentiary Regulations 
999 0 |a Criminal Procedure